Normal view
MARC view
- تأليف شهوان،وفاء سعيد
Entry Personal Name
001 - CONTROL NUMBER
- control field: 11256
003 - CONTROL NUMBER IDENTIFIER
- control field: JO-AjAnu
005 - DATE AND TIME OF LATEST TRANSACTION
- control field: 20230606072116.0
008 - FIXED-LENGTH DATA ELEMENTS
- fixed length control field: 230606|| aca||aabn | a|a d
040 ## - CATALOGING SOURCE
- Original cataloging agency: JO-AjAnu
- Transcribing agency: JO-AjAnu
100 ## - HEADING--PERSONAL NAME
- Personal name: تأليف شهوان،وفاء سعيد
670 ## - SOURCE DATA FOUND
- Source citation: Work cat.: (JO-AjAnu)5798: تأليف شهوان،وفاء سعيد , author, ضياء الدين إبن الأثير وشعراء المعارك النقدية (( أبو تمام والبحتري والمتنبي ))